Вычисление геометрических параметров двухкоординатных измерителей диаметра протяженных изделий; Известия Томского политехнического университета [Известия ТПУ]; Т. 313, № 2: Математика и механика. Физика
| Parent link: | Известия Томского политехнического университета [Известия ТПУ]/ Томский политехнический университет (ТПУ).— , 2000- Т. 313, № 2: Математика и механика. Физика.— 2008.— [С. 18-21] |
|---|---|
| Автор: | |
| Інші автори: | |
| Резюме: | Заглавие с титульного листа Электронная версия печатной публикации Представлен способ нахождения геометрических параметров измерителей диаметра кабельных изделий, базирующихся на теневом методе измерения в расходящемся лазерном пучке. Выявлена возможность существенного упрощения процесса их вычисления, без влияния на погрешность измерения приборов, за счёт анализа вклада каждого параметра в рассчитываемый результирующий диаметр. |
| Мова: | Російська |
| Опубліковано: |
2008
|
| Серія: | Математика и механика. Физика |
| Предмети: | |
| Онлайн доступ: | http://www.lib.tpu.ru/fulltext/v/Bulletin_TPU/2008/v313/i2/04.pdf |
| Формат: | Електронний ресурс Частина з книги |
| KOHA link: | https://koha.lib.tpu.ru/cgi-bin/koha/opac-detail.pl?biblionumber=173433 |
MARC
| LEADER | 00000nla2a2200000 4500 | ||
|---|---|---|---|
| 001 | 173433 | ||
| 005 | 20231218145655.0 | ||
| 035 | |a (RuTPU)RU\TPU\book\188093 | ||
| 035 | |a RU\TPU\book\188092 | ||
| 090 | |a 173433 | ||
| 100 | |a 20091224d2008 k y0rusy50 ca | ||
| 101 | 0 | |a rus | |
| 102 | |a RU | ||
| 135 | |a drnn ---uucaa | ||
| 181 | 0 | |a i | |
| 182 | 0 | |a b | |
| 200 | 1 | |a Вычисление геометрических параметров двухкоординатных измерителей диаметра протяженных изделий |f Е. М. Фёдоров, А. А. Эдличко | |
| 203 | |a Текст |c электронный | ||
| 215 | |a 1 файл (621 Кб) | ||
| 225 | 1 | |a Математика и механика. Физика | |
| 300 | |a Заглавие с титульного листа | ||
| 300 | |a Электронная версия печатной публикации | ||
| 320 | |a [Библиогр.: с. 21 (3 назв.)] | ||
| 330 | |a Представлен способ нахождения геометрических параметров измерителей диаметра кабельных изделий, базирующихся на теневом методе измерения в расходящемся лазерном пучке. Выявлена возможность существенного упрощения процесса их вычисления, без влияния на погрешность измерения приборов, за счёт анализа вклада каждого параметра в рассчитываемый результирующий диаметр. | ||
| 337 | |a Adobe Reader | ||
| 461 | 1 | |0 (RuTPU)RU\TPU\book\176237 |t Известия Томского политехнического университета [Известия ТПУ] |f Томский политехнический университет (ТПУ) |d 2000- | |
| 463 | 1 | |0 (RuTPU)RU\TPU\book\188068 |x 1684-8519 |t Т. 313, № 2: Математика и механика. Физика |v [С. 18-21] |d 2008 |p 137 с. | |
| 610 | 1 | |a геометрические параметры | |
| 610 | 1 | |a двухкоординатные измерители | |
| 610 | 1 | |a протяженные изделия | |
| 610 | 1 | |a кабельные изделия | |
| 610 | 1 | |a лазерные пучки | |
| 610 | 1 | |a приборы | |
| 610 | 1 | |a кабельная техника | |
| 610 | 1 | |a кабели | |
| 610 | 1 | |a труды учёных ТПУ | |
| 610 | 1 | |a электронный ресурс | |
| 700 | 1 | |a Фёдоров |b Е. М. |c специалист в области электрофизики |c доцент Томского политехнического университета, кандидат наук |f 1980- |g Евгений Михайлович |3 (RuTPU)RU\TPU\pers\25477 |9 11416 | |
| 701 | 1 | |a Эдличко |b А. А. |c специалист в области электрофизики |c аспирант Томского политехнического университета |f 1985- |g Андрей Александрович |3 (RuTPU)RU\TPU\pers\25478 | |
| 801 | 1 | |a RU |b 63413507 |c 20090623 |g PSBO | |
| 801 | 2 | |a RU |b 63413507 |c 20211207 |g PSBO | |
| 856 | 4 | |u http://www.lib.tpu.ru/fulltext/v/Bulletin_TPU/2008/v313/i2/04.pdf | |
| 942 | |c CF | ||